| 000 | 00920nam a2200253 4500 | ||
|---|---|---|---|
| 003 | OSt | ||
| 005 | 20260601193849.0 | ||
| 008 | 260509b1998 |||ao||| |||| 00| 0 por d | ||
| 040 |
_aICI _bspa _cICI |
||
| 050 |
_aNC1002 _bE97 1994 |
||
| 245 | 1 |
_aEXPO'98 LISBOA: _bforma e personalidade : exposição dos trabalhos seleccionados no concurso de ideias para o logotipo e mascote da Exposição Internacional de Lisboa 1998 |
|
| 264 |
_bSociedad Nacional de Belas Artes _c1998 _aPortugal |
||
| 300 | _a96 páginas | ||
| 336 |
_atexto _2rdacontent |
||
| 337 |
_asin medio _2rdamedia |
||
| 338 |
_avolumen _2rdacarrier |
||
| 650 | 4 |
_aDiseño gráfico _zPortugal _932028 |
|
| 650 |
_aLogotipos _xDiseño |
||
| 650 |
_aMascotas publicitarias _932030 |
||
| 650 |
_aExposiciones internacionales _zPortugal _932031 |
||
| 650 |
_aIdentidad visual corporativa _932032 |
||
| 650 |
_aConcursos de diseño _932033 |
||
| 942 |
_2lcc _cB _n1 |
||
| 999 |
_c21790 _d21790 |
||